Group theory and its application to physical problems / (Record no. 29268)

000 -LEADER
fixed length control field 00509 a2200169 4500
003 - CONTROL NUMBER IDENTIFIER
control field NUST
005 - DATE AND TIME OF LATEST TRANSACTION
control field 20180118145842.0
008 - FIXED-LENGTH DATA ELEMENTS--GENERAL INFORMATION
fixed length control field 180118b xxu||||| |||| 00| 0 eng d
020 ## - INTERNATIONAL STANDARD BOOK NUMBER
International Standard Book Number 0486661814
020 ## - INTERNATIONAL STANDARD BOOK NUMBER
International Standard Book Number 9780486661810
082 04 - DEWEY DECIMAL CLASSIFICATION NUMBER
Classification number 512.86
100 1# - MAIN ENTRY--PERSONAL NAME
Personal name Hamermesh, Morton.
9 (RLIN) 8835
245 10 - TITLE STATEMENT
Title Group theory and its application to physical problems /
Statement of responsibility, etc. Morton Hamermesh.
260 ## - PUBLICATION, DISTRIBUTION, ETC.
Place of publication, distribution, etc. [S.l.] :
Name of publisher, distributor, etc. Dover Publications,
Date of publication, distribution, etc. 1962
300 ## - PHYSICAL DESCRIPTION
Extent 544 p. ;
Dimensions 22 cm.
490 1# - SERIES STATEMENT
Series statement Dover books on physics & chemistry.
830 ## - SERIES ADDED ENTRY--UNIFORM TITLE
Uniform title Dover books on physics & chemistr
9 (RLIN) 8836
942 ## - ADDED ENTRY ELEMENTS (KOHA)
Institution code [OBSOLETE] SNS
Koha item type Book
Call number prefix 512.86 HAM
Source of classification or shelving scheme
Holdings
Withdrawn status Lost status Source of classification or shelving scheme Damaged status Not for loan Permanent Location Current Location Shelving location Date acquired Full call number Barcode Date last seen Price effective from Koha item type
        Not For Loan School of Natural Sciences (SNS) School of Natural Sciences (SNS) Reference 05/26/2016 512.86 HAM SNS0000789 05/26/2016 05/26/2016 Book
© 2023 Central Library, National University of Sciences and Technology. All Rights Reserved.